Macroeconomics (Record no. 93884)
[ view plain ]
| 000 -LEADER | |
|---|---|
| fixed length control field | 00548nam a2200205Ia 4500 |
| 005 - DATE AND TIME OF LATEST TRANSACTION | |
| control field | 20230327160146.0 |
| 008 - FIXED-LENGTH DATA ELEMENTS--GENERAL INFORMATION | |
| fixed length control field | 230125s9999 xx 000 0 und d |
| 020 ## - INTERNATIONAL STANDARD BOOK NUMBER | |
| International Standard Book Number | 81-7881-647-4 |
| 041 ## - LANGUAGE CODE | |
| Language code of text/sound track or separate title | eng |
| 082 ## - DEWEY DECIMAL CLASSIFICATION NUMBER | |
| Classification number | 330 |
| Item number | ICF |
| 100 ## - MAIN ENTRY--PERSONAL NAME | |
| Author | ICFAI |
| 245 ## - TITLE STATEMENT | |
| Title | Macroeconomics |
| 250 ## - EDITION STATEMENT | |
| Edition statement | 1st Ed. |
| 260 ## - PUBLICATION, DISTRIBUTION, ETC. | |
| Date of publication, distribution, etc. | 2004 |
| Name of publisher, distributor, etc. | ICFAI publication |
| Place of publication, distribution, etc. | Hyderabad |
| 300 ## - PHYSICAL DESCRIPTION | |
| Extent | 356 |
| 500 ## - GENERAL NOTE | |
| Keywords | Economics;ICFAI Series Book;Macroeconomics |
| 650 ## - SUBJECT ADDED ENTRY--TOPICAL TERM | |
| Topical term or geographic name entry element | Economics;ICFAI Series Book;Macroeconomics |
| 700 ## - ADDED ENTRY--PERSONAL NAME | |
| Personal name | ICFAI & HNIMR Staff, Donor |
| 942 ## - ADDED ENTRY ELEMENTS (KOHA) | |
| Koha item type | Donated Book |
| Withdrawn status | Lost status | Damaged status | Not for loan | Home library | Current library | Date acquired | Vendor | Net Price | Full call number | Barcode | Date last seen | Actual Price | Bill Date | Koha item type | Original Barcode |
|---|---|---|---|---|---|---|---|---|---|---|---|---|---|---|---|
| Smt. Hiraben Nanavati Institute of Management & Research for Women | Smt. Hiraben Nanavati Institute of Management & Research for Women | 12/12/2015 | HNIMR Staff | 1.00 | 330 ICF DB2463 | HIMR-DB-2463 | 25/01/2023 | 1.00 | 25/01/2023 | Donated Book | DB2463 | ||||
| Smt. Hiraben Nanavati Institute of Management & Research for Women | Smt. Hiraben Nanavati Institute of Management & Research for Women | 12/12/2015 | HNIMR Staff | 1.00 | 330 ICF DB2462 | HIMR-DB-2462 | 25/01/2023 | 1.00 | 25/01/2023 | Donated Book | DB2462 | ||||
| Smt. Hiraben Nanavati Institute of Management & Research for Women | Smt. Hiraben Nanavati Institute of Management & Research for Women | 12/12/2015 | HNIMR Staff | 1.00 | 330 ICF DB2464 | HIMR-DB-2464 | 25/01/2023 | 1.00 | 25/01/2023 | Donated Book | DB2464 |